00485nam a2200121Ia 4500008004100000100002100041245009500062245002900157260000900186856007600195999001900271952007300290160531s9999 xx 000 0 und d aJonas, Daniel E. aPsychological and Pharmacological Treatments for Adults With Posttraumatic Stress Disorder cby Daniel E Jonas et al. c2013 uhttp://www.ncbi.nlm.nih.gov/books/NBK137702/pdf/Bookshelf_NBK137702.pdf c295407d295407 001040aCLbCLd2016-05-31l0r2016-05-31 00:00:00w2016-05-31yCBE